Trhová cena práce - hranica ekonomickej efektívnosti nasadenia obilného kombajnu

Bibliographic Details
Main Author: Ďuďák, Jozef, 1958- (Author)
Format: Article
Language:Slovak
Subjects:

MARC

LEADER 00000nab a2200000 a 4500
001 vtls000629890
003 SK-MaSNL
005 20260303215837.0
008 160401c1997 xo 0 slo
015 |a SNBRB19rr/mm-uuuuu 
035 |a CL0630029 
040 |a SNKBUCL  |b slo  |c SNKBUCL  |e AACR2 
041 0 |a slo 
044 |a xo  |c SK 
080 |a 631.3:338.512  |2 1981 
080 |a 338.512  |2 1981 
080 |a 631.17  |2 1981 
100 1 |a Ďuďák, Jozef,  |d 1958-  |4 aut  |9 241691 
245 1 0 |a Trhová cena práce - hranica ekonomickej efektívnosti nasadenia obilného kombajnu  |c Jozef Ďuďák 
300 |b Fotogr. 2, graf 1, tab. 1 
650 0 7 |a technika poľnohospodárska  |2 snkbucl  |9 849424 
650 0 7 |a náklady (ekon.)  |2 snkbucl  |9 898374 
650 0 7 |a ekonomická efektívnosť  |2 snkbucl  |9 74879 
655 7 |a články z novín a časopisov  |2 snkbucl  |9 267496 
773 0 |t Roľnícke noviny  |g Č. 157 (10. 7. 1997) 
773 0 |t [Príl.] Moderná mechanizácia  |g S. 1-2 
850 |a Slovenská národná knižnica v Martine  |a MTA001 
852 |a SNK  |b KIS3GCP 
958 |a RK 
958 |a RBX 
999 |c 2223607  |d 2225537